000 02680cam a2200529 4500
001 ##L130131
008 050727n2005 000 0 eng u
020 _a0199288046
035 _a(Sirsi) u130431
041 0 _aen
050 0 4 _a711.026 $2 18
100 1 _aDuxbury, Robert
245 0 0 _aTelling and Duxbury's planning law and procedure
250 _a13th ed.
260 _aOxford
_bOUP
_c2005
300 _axxxviii, 442p, 24cm.
350 _a26.99
505 0 _aHistorical development of planning law
505 0 _aBasis and objects of modern planning law
505 0 _aCentral and local administration
505 0 _aDevelopment plans before the Planning and Compulsory Purchase Act 2004
505 0 _aDevelopment plans after the Planning and Compulsory Purchase Act 2004
505 0 _aDefinition of development
505 0 _aPlanning permission: permitted development
505 0 _aPlanning permission: express permission
505 0 _aEnvironmental impact assessment and strategic environmental impact assessment
505 0 _aPlanning permission: further considerations
505 0 _aRevocation or modification of existing rights
505 0 _aEnforcement of planning control
505 0 _aPlanning agreements, obligations, and contributions
505 0 _aPurchase notices and blight notices
505 0 _aSpecial forms of control
505 0 _aBuildings of special interest and conservation areas
505 0 _aSpecial cases
505 0 _aPlanning control and natural habitats
505 0 _aPlanning appeals
505 0 _aReview by the courts and the ombudsman
505 0 _aPlanning compensation
520 _aA concise and accessible guide to the complexities of planning law. Covers the fundamentals of planning law in England and Wales and analyses the key statutory provisions and relevant case law. This rigorously updated edition includes the changes introduced by the Planning and Compulsory Purchase Act 2004 in the areas of local and sustainable development, the amendments to the Use Classes Order, simplified planning zones and the abolition of Crown immunity. New legislation covered includes the Planning and Compulsory Act 2004 and the Strategic Environmental Assessment Regulations 2004. The law and practice is stated as at 1 May 2005.
520 _aSupersedes the 12th ed. (ISBN 0406947961).
590 _aIKA111005
650 2 4 _aPLANNING AND COMPULSORY PURCHASE ACT 2004
650 2 4 _aSTRATEGIC ENVIRONMENTAL ASSESSMENT REGULATIONS 2004
650 2 4 _aTOWN AND COUNTRY PLANNING (USE CLASSES) ORDER 1987
690 _aENVIRONMENTAL AND LAND CONSULTANCY-PLANNING AND DEVELOPMENT
942 _n0
999 _c104455
_d104455